Matemáticas fundamentales (Registro nro. 307228)

Detalles MARC
000 -ENCABEZADO
Número de control [NR] 00898 a2200241 4500
005 - FECHA Y HORA DE LA ÚLTIMA TRANSACCIÓN
control field 20180312143030.0
008 - DE LONGITUD FIJA DE DATOS DE ELEMENTOS - INFORMACIÓN GENERAL
Elementos de longitud fija [NR] 170911s2017 ck |||||r|||| 00| 0 spa d
020 ## - NUMERO INTERNACIONAL NORMALIZADO PARA LIBROS [R]
Número Internacional Normalizado del libro [NR] 9789588409887
040 ## - FUENTE DE CATALOGACION [NR]
Agencia de catalogación original [NR] CO-BoUCM
Idioma de catalogación [NR] spa
Quien Cataloga Sandra Palacio
Quien Clasifica Sandra Palacio
041 0# - CODIGO DE IDIOMA [R]
Código de idioma para texto/pista de sonido o título separado [R] Español
100 1# - ASIENTO PRINCIPAL--NOMBRE PERSONAL [NR]
Nombre personal [NR] Solano Solano, Álvaro de Jesús
ID Autoridad 87123
245 10 - MENCION DE TITULO [NR]
Título [NR] Matemáticas fundamentales
Mención de responsabilidad, etc. [NR] Álvaro de Jesús Solano Solano
260 ## - PUBLICACION, DISTRIBUCION, ETC. (PIE DE IMPRENTA) [R]
Nombre del editor, distribuidor, etc. [R] Universidad Popular del Cesar
Lugar de publicación, distribución, etc. [R] Cesar (Valledupar)
Fecha de publicación, distribución, etc. [R] 2017
300 ## - DESCRIPCION FISICA [R]
Extensión [R] xiv, 178 páginas
650 17 - ASIENTO SECUNDARIO DE MATERIA - TERMINO TEMATICO [R]
9 (RLIN) 19031
Término temático o nombre geográfico como elemento de entrada [NR] Matemáticas
650 27 - ASIENTO SECUNDARIO DE MATERIA - TERMINO TEMATICO [R]
9 (RLIN) 8813
Término temático o nombre geográfico como elemento de entrada [NR] Álgebra
650 27 - ASIENTO SECUNDARIO DE MATERIA - TERMINO TEMATICO [R]
9 (RLIN) 11608
Término temático o nombre geográfico como elemento de entrada [NR] Conjuntos (Matemáticas)
650 27 - ASIENTO SECUNDARIO DE MATERIA - TERMINO TEMATICO [R]
9 (RLIN) 17563
Término temático o nombre geográfico como elemento de entrada [NR] Inferencia (Lógica)
650 27 - ASIENTO SECUNDARIO DE MATERIA - TERMINO TEMATICO [R]
9 (RLIN) 16197
Término temático o nombre geográfico como elemento de entrada [NR] Funciones (Matemáticas)
710 ## - ASIENTO SECUNDARIO - NOMBRE CORPORATIVO [R]
Nombre corporativo o de jurisdicción como elemento de entrada [NR] Universidad Popular del Cesar
Unidad subordinada [R] Facultad Ciencias Básicas y de la Educación
9 (RLIN) 87124
942 ## - ELEMENTOS DE ENTRADA AGREGADOS (KOHA)
Tipo de ítem principal el descrito en 300a Libro
Sistema de clasificación DEWEY
Tema principal Ciencias puras
Edición 1
Clasificación 510
Parte restante de la signatura top. S684mf
Título oculto en OPAC No
Existencias
Fecha de último préstamo Total préstamos Total Renewals Signatura topográfica Código de barras Última vez visto Ejemplar Costo de reposición Price effective from Tipo de ítem Perdido Sistema de clasificación Dañado No prestable Tipo de ítem específico Suprimido Ubicación habitual Ubicación actual Localización Fecha de creación Proveedor Forma de adquisición Costo
13/03/2024 3 3 510 S684mf 100154022 11/12/2025 Ej.1 26000.00 05/09/2017 Libro   DEWEY     Libro   Quinta de Mutis Quinta de Mutis Mezanecs 05/09/2017 12 Donación 0.00